1763 1786 1638 1865 1443 1524 1821 1741 1848 1074 1265 1541 1598 1515 1018 1570 1044 1406 1202 1173 1296 1112 1964 1158 1514 1179 1694 1650 1632 1470 1423 1431 1396 1148 1107 1243 1019 1522 1208 1794 1914 1502 1694 1899 1316 1976 1408 1206 1242 1401 1676 1755 2000 1679 1957 1931 1446 1477 1585 1466 1744 1640 1847 1955 1200 1440 2000 1573 1471 1206 1724 1297 1570 1309 1149 1055 1216 1043 1542 1153 1353 1619 1787 1351 1442 1685 1695 1335 1756 1419 1420 1798 1170 1700 1840 1454 1446 1545 1264 BCNSPRNW ULIB Ver.6.0+V

เปลี่ยนเป็นภาษาไทย

Change to English
 แสดงรายละเอียดบรรณานุกรม
  กลับหน้าหลัก

Brief Record : Get Marc (ISO 2709) : E-mail record : QR code < ปิดหน้าต่าง
LEADER : 00000nam 2200000uu 4500
001    13399111881
003     ULIB
008    110627s2551||||th 000 0 tha d
020    9789740415664
090    นว.^bก879ส 2551
100 0  แก่นฝัน
245 00 สืบลับกับดักรัก/^cแก่นฝัน
250    พิมพ์ครั้งที่ 1
260    กรุงเทพฯ :^bอมรินทร์ บุ๊ค เซ็นเตอร์,^c2551
300    318 หน้า
945    ^p219^l0^i023596
995    ทศพร
999 ^a ใช้งานได้ทุกระบบ
รายการนี้ยังไม่มีแท็ก
คุณยังไม่ได้ล็อกอิน คุณสามารถมีกิจกรรมร่วมกับเว็บไซต์ได้ แต่ต้องล็อกอินก่อน ::
  ล็อกอิน

รายการสื่อสารสนเทศ

ลำดับที่ ประเภท เลขเรียก/บาร์โค้ด สถานที่ สถานะ
- ไม่พบข้อมูล -

รายการใกล้เคียง
    ผู้แต่ง [แก่นฝัน]

BibComment


ยังไม่เคยถูกคอมเมนท์

คอมเมนท์ทรัพยากรรายการนี้
  คอมเมนท์: สืบลับกับดักรัก แ..


 Copyright 2026. Bcnsprnw @Library